| 000 | 01011nam a2200277 i 4500 | ||
|---|---|---|---|
| 001 | bg | ||
| 003 | KOSZ 005 | ||
| 005 | 20210512095657.0 | ||
| 008 | 080727s1964 pl a f 001 0 pol | ||
| 015 | _aPB 1964/6809 | ||
| 040 |
_aWA N _cKOSZ 005/RW _dKOSZ 005/RW |
||
| 041 | 1 |
_apol _hrus |
|
| 080 | _a33:51 | ||
| 100 | 1 |
_aNemčinov, Vasilij Sergeevič _d(1894-1964). |
|
| 245 | 1 | 0 |
_aMetody i modele ekonomiczno-matematyczne / _cW. Niemczynow ; [tł. z ros. Z. Dąbrowa et al.]. |
| 246 | 1 |
_iTyt. oryg.: _aÉkonomiko-matematičeskie metody i modeli. |
|
| 260 |
_aWarszawa : _bPaństwowe Wydawnictwo Ekonomiczne, _c1964. |
||
| 300 |
_a355, [1] s. : _bil. ; _c25 cm. |
||
| 380 | _aKsiążki. | ||
| 504 | _aIndeks. | ||
| 650 | 4 | _aEkonomia matematyczna | |
| 700 | 1 |
_aDąbrowa, Zbigniew. _eTł. |
|
| 710 | 2 |
_aPaństwowe Wydawnictwo Ekonomiczne _4pbl. |
|
| 856 |
_uhttp://koha.tu.koszalin.pl/cgi-bin/koha/opac-detail.pl?biblionumber=10832 _yKatalog online BPK |
||
| 942 |
_2UKD _cKS |
||
| 999 |
_c10832 _d10832 |
||